000 00527nam a2200193 a 4500
001 1773826208090
003 YourLibrary
005 20260318150212.0
008 260318s2010##################000#0#eng##
020 _a9780521143769
082 0 4 _a338.9437
_bMYA
100 1 _aMyant, Martin,
_eauthor.
245 1 0 _aThe Czechoslovak Economy 1948-1988 :
260 _bCambridge University Press,
_c2010.
300 _a340 pages
650 0 _aBusiness & Economics.
942 _cENGLISH
040 _aYourLibrary
_beng
_cYourLibrary
999 _c618014
_d618014